000
00268nam a2200121Ia 4500
999
_c
7200
_d
7200
008
200302s9999 xx 000 0 und d
100
_a
Allan B Jacobs
245
_a
Great Streets
260
_b
The MIT Press Publisher
260
_c
1995
300
_a
330
942
_2
ddc